[Event "Madrid-ch Seniors 65 1718"]
[Site "Madrid"]
[Date "2018.01.30"]
[Round "7"]
[White "Rueda Maria, Ramiro"]
[Black "Garcia Esteban, Ignacio"]
[Result "1/2-1/2"]
[WhiteElo "1827"]
[BlackElo "1871"]
[PlyCount "80"]
[EventDate "2018.01.22"]
[EventType "swiss"]
[EventRounds "7"]
[EventCountry "ESP"]
[SourceTitle "EXT 2020"]
[Source "ChessBase"]
[SourceDate "2019.10.17"]
[SourceVersion "1"]
[SourceVersionDate "2019.10.17"]
[SourceQuality "1"]

1. e4 c5 2. Nf3 Nc6 3. d4 cxd4 4. Nxd4 g6 5. Be3 Bg7 6. Be2 Nf6 7. Nc3 d6 8. 0-0 0-0 9. h3 Bd7 10. Qd2 a6 11. Nxc6 Bxc6 12. Bf3 Rc8 13. Rfe1 b5 14. Nd5 Nd7 15. Bd4 Bxd4 16. Qxd4 Bxd5 17. exd5 Rxc2 18. Qa7 Ne5 19. b3 Nxf3+ 20. gxf3 Qc8 21. Kg2 Rc7 22. Qb6 Rc5 23. Rxe7 Rxd5 24. Rae1 Rh5 25. Rh1 Rg5+ 26. Kh2 Qf5 27. Qe3 Qf6 28. Re1 Rf5 29. Kg3 d5 30. Re5 Rxe5 31. Qxe5 Qxe5+ 32. Rxe5 Rd8 33. Kf4 Kg7 34. Ke3 d4+ 35. Kd3 Kf6 36. Re4 Rd6 37. a4 bxa4 38. bxa4 Rb6 39. Rxd4 Ke6 40. Kc3 f5 1/2-1/2

[Event "Madrid-ch Seniors 65 1718"]
[Site "Madrid"]
[Date "2018.01.23"]
[Round "2"]
[White "Rueda Maria, Ramiro"]
[Black "Ciuro Munoz, Ricardo"]
[Result "0-1"]
[WhiteElo "1827"]
[BlackElo "1986"]
[PlyCount "152"]
[EventDate "2018.01.22"]
[EventType "swiss"]
[EventRounds "7"]
[EventCountry "ESP"]
[SourceTitle "EXT 2020"]
[Source "ChessBase"]
[SourceDate "2019.10.17"]
[SourceVersion "1"]
[SourceVersionDate "2019.10.17"]
[SourceQuality "1"]

1. e4 e6 2. d4 d5 3. exd5 exd5 4. Bd3 Bd6 5. Nf3 Ne7 6. h3 Nbc6 7. c3 Bf5 8. Bxf5 Nxf5 9. Qd3 Qe7+ 10. Be3 Nxe3 11. Qxe3 Qxe3+ 12. fxe3 Bg3+ 13. Kd2 0-0 14. Rf1 Rae8 15. Na3 f6 16. Ng1 a6 17. Nc2 Nd8 18. Ne2 Bd6 19. Ne1 Nf7 20. Nf3 c6 21. Rae1 Bc7 22. Kd3 Nd6 23. Nd2 Re7 24. Ng3 g6 25. b3 b5 26. e4 Nc4 27. bxc4 bxc4+ 28. Kc2 Bxg3 29. Re3 Bc7 30. Ref3 dxe4 31. Rxf6 Rxf6 32. Rxf6 e3 33. Nf3 e2 34. Ne1 Rf7 35. Rxc6 Bg3 36. Kd2 Rf1 37. Nc2 e1Q+ 38. Nxe1 Rxe1 39. Rxc4 Rg1 40. d5 Rxg2+ 41. Kd3 Rxa2 42. Rc6 Kf7 43. c4 a5 44. c5 Ra4 45. Ra6 Be5 46. Ra7+ Kf6 47. d6 Bxd6 48. cxd6 Rh4 49. Rxa5 Ke6 50. d7 Rxh3+ 51. Ke4 Kxd7 52. Re5 Rh1 53. Kf4 Rg1 54. Kf3 h5 55. Kf2 Rg4 56. Kf3 Kd6 57. Re1 Rg5 58. Kf4 Rf5+ 59. Kg3 Re5 60. Rf1 Ke6 61. Kh4 Re4+ 62. Kg3 Rg4+ 63. Kh3 Ke5 64. Rf8 Rf4 65. Re8+ Kf5 66. Rf8+ Kg5 67. Rg8 Rf3+ 68. Kg2 Ra3 69. Kh2 h4 70. Kg2 Kh5 71. Rh8+ Kg4 72. Rg8 g5 73. Rg7 h3+ 74. Kh1 Kh4 75. Rh7+ Kg3 76. Rxh3+ Kxh3 0-1

[Event "Madrid-ch Seniors 50"]
[Site "Madrid"]
[Date "2017.01.19"]
[Round "9"]
[White "Rueda Maria, Ramiro"]
[Black "Salgado Duarte, Pablo"]
[Result "1-0"]
[WhiteElo "1860"]
[BlackElo "1574"]
[PlyCount "63"]
[EventDate "2017.01.09"]
[EventType "swiss"]
[EventRounds "9"]
[EventCountry "ESP"]
[SourceTitle "EXT 2018"]
[Source "ChessBase"]
[SourceDate "2017.10.13"]
[SourceVersion "1"]
[SourceVersionDate "2017.10.13"]
[SourceQuality "1"]

1. c4 e5 2. Nc3 Nf6 3. Nf3 Nc6 4. d4 exd4 5. Nxd4 Ne5 6. e3 d6 7. Be2 Be7 8. b3 Bd7 9. Bb2 0-0 10. 0-0 a6 11. Qc2 Nc6 12. Bf3 Nb4 13. Qd2 c5 14. Nde2 Rb8 15. a3 Nc6 16. Nf4 Ne5 17. Be2 Bc6 18. Rad1 Ne4 19. Nxe4 Bxe4 20. Nd5 Bxd5 21. Qxd5 b5 22. Bxe5 dxe5 23. Qxe5 Qe8 24. Rd5 b4 25. a4 Rb7 26. Rfd1 Rb6 27. Bg4 Rb7 28. Bd7 f6 29. Qe4 Rxd7 30. Rxd7 Rf7 31. Ra7 f5 32. Qd5 1-0

[Event "Madrid-ch Seniors 50"]
[Site "Madrid"]
[Date "2017.01.17"]
[Round "7"]
[White "Rueda Maria, Ramiro"]
[Black "Camarero Izquierdo, Juan Carlos"]
[Result "0-1"]
[WhiteElo "1860"]
[BlackElo "1732"]
[PlyCount "98"]
[EventDate "2017.01.09"]
[EventType "swiss"]
[EventRounds "9"]
[EventCountry "ESP"]
[SourceTitle "CBM 176 Extra"]
[Source "ChessBase"]
[SourceDate "2017.03.02"]
[SourceVersion "1"]
[SourceVersionDate "2017.03.02"]
[SourceQuality "1"]

1. c4 e5 2. Nc3 Nf6 3. Nf3 Nc6 4. d4 e4 5. Ne5 Bb4 6. Nxc6 Bxc3+ 7. bxc3 bxc6 8. e3 0-0 9. Be2 d5 10. Rb1 Be6 11. Ba3 Re8 12. Qa4 Qd7 13. cxd5 Nxd5 14. Qa5 Nb6 15. Bc5 f5 16. 0-0 Qf7 17. a3 f4 18. exf4 Qxf4 19. Bxb6 axb6 20. Qb4 b5 21. Qc5 Qd6 22. c4 Qxc5 23. dxc5 bxc4 24. Rfc1 Ra4 25. Rb4 Rxa3 26. Bxc4 Bxc4 27. Rbxc4 Ra2 28. Kf1 e3 29. R4c2 Rxc2 30. Rxc2 exf2 31. Kxf2 Re5 32. Kf3 Kf7 33. Kf4 Ke6 34. h4 Re1 35. h5 Kd5 36. Rd2+ Kxc5 37. Rd7 Kb6 38. Rxg7 c5 39. Rxh7 c4 40. Rg7 c3 41. Rg3 c2 42. Rb3+ Ka5 43. Rc3 c1Q+ 44. Rxc1 Rxc1 45. Kg5 c5 46. h6 c4 47. g4 c3 48. Kf6 c2 49. g5 Rh1 0-1

[Event "Madrid-ch Seniors 50"]
[Site "Madrid"]
[Date "2017.01.10"]
[Round "2"]
[White "De Juan Rivas, Antonio"]
[Black "Rueda Maria, Ramiro"]
[Result "0-1"]
[WhiteElo "1682"]
[BlackElo "1860"]
[PlyCount "74"]
[EventDate "2017.01.09"]
[EventType "swiss"]
[EventRounds "9"]
[EventCountry "ESP"]
[SourceTitle "CBM 176 Extra"]
[Source "ChessBase"]
[SourceDate "2017.03.02"]
[SourceVersion "1"]
[SourceVersionDate "2017.03.02"]
[SourceQuality "1"]

1. f4 d5 2. Nf3 Nc6 3. e3 Nf6 4. Bb5 Bd7 5. 0-0 g6 6. d3 Bg7 7. Nc3 0-0 8. Bxc6 Bxc6 9. Ne5 Qd6 10. Nxc6 Qxc6 11. Rf3 e6 12. Ne2 Qb6 13. Kh1 c5 14. Qe1 Rac8 15. Rh3 c4 16. Nc3 d4 17. exd4 cxd3 18. Rxd3 Rfd8 19. Be3 Qxb2 20. Rb1 Qxc2 21. Rbd1 Qb2 22. Rb1 Qa3 23. Rb3 Qe7 24. h3 Nd5 25. Nxd5 Rxd5 26. Qb1 b6 27. Qe1 Qd6 28. Rbc3 Rd8 29. Rc4 b5 30. Rb4 a5 31. Rbb3 Qb6 32. Qf2 b4 33. a3 Bxd4 34. Bxd4 Rxd4 35. axb4 axb4 36. Kh2 Qd6 37. Qe3 Rxd3 0-1

[Event "Madrid-ch sf"]
[Site "Madrid"]
[Date "2016.02.10"]
[Round "3"]
[White "Rueda Maria, Ramiro"]
[Black "Fernandez Rios, Jose Francisco"]
[Result "0-1"]
[WhiteElo "1891"]
[BlackElo "1778"]
[PlyCount "66"]
[EventDate "2016.02.08"]
[EventType "swiss"]
[EventRounds "9"]
[EventCountry "ESP"]
[SourceTitle "CBM 171 Extra"]
[Source "ChessBase"]
[SourceDate "2016.04.26"]
[SourceVersion "1"]
[SourceVersionDate "2016.04.26"]
[SourceQuality "1"]

1. c4 c5 2. Nc3 g6 3. g3 Bg7 4. Bg2 Nc6 5. Nf3 d6 6. 0-0 Bf5 7. d3 Qd7 8. Nd5 Nf6 9. Nxf6+ Bxf6 10. Rb1 0-0 11. a3 a5 12. Bd2 Rab8 13. Qa4 Nd4 14. Qxd7 Nxe2+ 15. Kh1 Bxd7 16. Rfe1 Nd4 17. Bxa5 Nxf3 18. Bxf3 b5 19. Re2 bxc4 20. dxc4 Bf5 21. Be4 Bxe4+ 22. Rxe4 Rb3 23. Re2 Rfb8 24. Rc1 Rxb2 25. Rcc2 Rxc2 26. Rxc2 Ra8 27. Bc3 Rxa3 28. Bxf6 exf6 29. Rd2 Ra6 30. Kg2 Kf8 31. Kf3 Ke7 32. Ke4 Ke6 33. f4 f5+ 0-1

[Event "Madrid-ch Seniors"]
[Site "Madrid"]
[Date "2016.01.11"]
[Round "1"]
[White "Rueda Maria, Ramiro"]
[Black "Veuthey Martinez, Eloy"]
[Result "1/2-1/2"]
[WhiteElo "1904"]
[BlackElo "1536"]
[PlyCount "70"]
[EventDate "2016.01.11"]
[EventType "swiss"]
[EventRounds "9"]
[EventCountry "ESP"]
[SourceTitle "EXT 2017"]
[Source "ChessBase"]
[SourceDate "2016.10.25"]
[SourceVersion "1"]
[SourceVersionDate "2016.10.25"]
[SourceQuality "1"]

1. Nf3 d6 2. d4 Nf6 3. g3 Nbd7 4. Bg2 e5 5. dxe5 dxe5 6. 0-0 Be7 7. Nc3 c6 8. Bg5 0-0 9. Qd2 Qc7 10. Rad1 h6 11. Bxf6 Nxf6 12. Qe3 Bd6 13. Qd3 Bb4 14. Ne4 Nxe4 15. Qxe4 Bd6 16. Rd2 Be6 17. Rfd1 Rad8 18. Nh4 Be7 19. Nf5 Bxf5 20. Qxf5 Rxd2 21. Rxd2 Rd8 22. Rxd8+ Bxd8 23. h4 Bf6 24. Be4 Qd8 25. h5 Qc7 26. Kg2 Kf8 27. b3 Ke7 28. Bd3 Qd7 29. Qf3 Qd5 30. Be4 Qd4 31. a4 Bg5 32. e3 Qd7 33. Bd3 Qd5 34. e4 Qd4 35. Bc4 Bf6 1/2-1/2

[Event "Madrid-ch sf-A"]
[Site "Madrid"]
[Date "2015.03.09"]
[Round "1"]
[White "Rueda Maria, Ramiro"]
[Black "Gonzalez Rivera, Eduardo"]
[Result "1/2-1/2"]
[WhiteElo "1903"]
[BlackElo "2088"]
[PlyCount "99"]
[EventDate "2015.03.09"]
[EventType "swiss"]
[EventRounds "9"]
[EventCountry "ESP"]
[SourceTitle "CBM 165 Extra"]
[Source "ChessBase"]
[SourceDate "2015.04.21"]
[SourceVersion "1"]
[SourceVersionDate "2015.04.21"]
[SourceQuality "1"]

1. Nf3 d5 2. d4 Nf6 3. c4 c6 4. Nc3 e6 5. cxd5 exd5 6. Bg5 Be7 7. e3 Ne4 8. Bxe7 Qxe7 9. Bd3 f5 10. 0-0 0-0 11. Ne5 Nd7 12. f4 Ndf6 13. Bxe4 fxe4 14. Qb3 Kh8 15. Rf2 Ng4 16. Nxg4 Bxg4 17. Raf1 b5 18. Qc2 a5 19. Rc1 Rf6 20. Ne2 Rh6 21. Ng3 Bd7 22. Qd2 b4 23. Rc5 Qd8 24. Nf1 Qb6 25. Qc1 Bc8 26. Rfc2 Bb7 27. a4 Rf8 28. Nd2 g5 29. fxg5 Rh5 30. Nb3 Rxg5 31. Qe1 Rgf5 32. Nd2 b3 33. Rc1 Qb4 34. R5c3 Qxa4 35. Nxb3 Ba6 36. Nc5 Qb5 37. Nxa6 Qxa6 38. R3c2 Qd3 39. Qe2 Qxe2 40. Rxe2 R5f6 41. Rec2 Rb8 42. Rxc6 Rxc6 43. Rxc6 Rxb2 44. Rc5 a4 45. Ra5 Re2 46. Rxa4 Rxe3 47. Ra5 Rd3 48. Rxd5 e3 49. Kf1 Rd2 50. Re5 1/2-1/2